الغريب في عالم الحيوان / (Record no. 49327)

MARC details
000 -LEADER
fixed length control field 00616nam a22002177a 4500
005 - DATE AND TIME OF LATEST TRANSACTION
control field 20251108170812.0
008 - FIXED-LENGTH DATA ELEMENTS--GENERAL INFORMATION
fixed length control field 250721s1992 xx 000 0 ara d
020 ## - INTERNATIONAL STANDARD BOOK NUMBER
International Standard Book Number 9770236128
082 14 - DEWEY DECIMAL CLASSIFICATION NUMBER
Classification number ط/ 591/لمو
100 1# - MAIN ENTRY--PERSONAL NAME
Personal name لمون، روبرت
245 10 - TITLE STATEMENT
Title الغريب في عالم الحيوان /
250 ## - EDITION STATEMENT
Edition statement ط.7
264 1# - PRODUCTION, PUBLICATION, DISTRIBUTION, MANUFACTURE, AND COPYRIGHT NOTICE
Place of production, publication, distribution, manufacture القاهرة :
Name of producer, publisher, distributor, manufacturer دار المعارف،
Date of production, publication, distribution, manufacture, or copyright notice 1992.
300 ## - PHYSICAL DESCRIPTION
Extent 119ص.
490 0# - SERIES STATEMENT
Series statement كل شىء عن
Volume/sequential designation 11
650 17 - SUBJECT ADDED ENTRY--TOPICAL TERM
Topical term or geographic name as entry element الحيوانات
653 ## - INDEX TERM--UNCONTROLLED
Uncontrolled term ناشئون صغار (10-14) سنة
700 1# - ADDED ENTRY--PERSONAL NAME
Personal name عطا، كامل
Relator term Tran.
942 ## - ADDED ENTRY ELEMENTS (KOHA)
Source of classification or shelving scheme Dewey Decimal Classification
Koha item type Books
Holdings
حالة السحب حالة الفقدان مصدر التصنيف حالة التلف غير قابل للإعارة المكتبة الرئيسية المكتبة الحالية موقع الرف تاريخ التزويد الرقم المتسلسل Total Checkouts رقم الإستدعاء تاريخ آخر ظهور تاريخ الفاتورة نوع المادة (كوها) الباركود
    Dewey Decimal Classification     مكتبة البشائر للأطفال مكتبة البشائر للأطفال الإعارة 13/05/2015 359260   ط/ 591/لمو 28/07/2025 13/05/2015 Books PLD00324006
    Dewey Decimal Classification     مكتبة قتيبة للأطفال مكتبة قتيبة للأطفال الأطفال 23/10/2017 1665144   ط/ 591/لمو 28/07/2025 23/10/2017 Books PLD00407792
    Dewey Decimal Classification     مكتبة أم المؤمنين للأطفال مكتبة أم المؤمنين للأطفال الأطفال 28/07/2025 359259   ط/ 591/لمو 28/07/2025 28/07/2025 Books 359259
    Dewey Decimal Classification     مكتبة أم المؤمنين للأطفال مكتبة أم المؤمنين للأطفال الأطفال 28/07/2025 419256   ط/ 591/لمو 28/07/2025 28/07/2025 Books 419256
    Dewey Decimal Classification Unchecked   مكتبة الأميرة ايمان العامة مكتبة الأميرة ايمان العامة الأطفال 06/07/2004 1090   ط/ 591/لمو 28/07/2025 06/07/2004 Books  
    Dewey Decimal Classification     مكتبة البراءة للأطفال مكتبة البراءة للأطفال الأطفال 20/01/2014 359262   ط/ 591/لمو 28/07/2025 20/01/2014 Books PLD00292339
Implemented & Customized by: BBB with SCIT (Smart Chains for Information Technology)

Powered by Koha